[Event "C.to Regionale Abruzzo"]
[Site "Teramo ITA"]
[Date "2011.05.21"]
[Round "1"]
[White "Cerquitella, Luca"]
[Black "Di Martino, Antonio"]
[Result "1-0"]
[WhiteElo "2273"]
[BlackElo "1867"]
[PlyCount "37"]
[EventDate "2011.05.21"]

1. e4 e6 2. d4 d5 3. Nc3 dxe4 4. Nxe4 Nd7 5. Nf3 Be7 6. Bd3 Ngf6 7. Nxf6+ Nxf6
8. Bg5 h6 9. Bh4 O-O 10. Qe2 Bb4+ 11. c3 Be7 12. Ne5 c5 13. dxc5 Bxc5 14. O-O-O
Qe7 15. Ng4 Bd6 16. Nxf6+ gxf6 17. Qe4 f5 18. Bxe7 fxe4 19. Bxd6 1-0

[Event "C.to Regionale Abruzzo"]
[Site "Teramo ITA"]
[Date "2011.05.21"]
[Round "1"]
[White "Piantieri, Guido"]
[Black "Di Donatantonio, Franco"]
[Result "0-1"]
[WhiteElo "1860"]
[BlackElo "2143"]
[PlyCount "34"]
[EventDate "2011.05.21"]

1. e4 d6 2. Nf3 Nf6 3. d3 e5 4. Nbd2 Be7 5. Be2 O-O 6. O-O c6 7. Nc4 Be6 8. Ne3
h6 9. c3 Nbd7 10. Qc2 Re8 11. Bd2 Qc7 12. Rad1 d5 13. Rfe1 Nc5 14. exd5 Nxd5
15. Nxe5 Nxe3 16. Bxe3 Qxe5 17. d4 Qe4 0-1

[Event "C.to Regionale Abruzzo"]
[Site "Teramo ITA"]
[Date "2011.05.21"]
[Round "1"]
[White "Pacilli, Emanuele"]
[Black "Melasecchi, Paolo"]
[Result "1-0"]
[WhiteElo "2142"]
[BlackElo "1750"]
[PlyCount "41"]
[EventDate "2011.05.21"]

1. e4 e6 2. d3 d5 3. Nd2 Nf6 4. Ngf3 c5 5. g3 Nc6 6. Bg2 Be7 7. O-O O-O 8. Re1
b5 9. e5 Nd7 10. Nf1 Rb8 11. h4 f6 12. exf6 Nxf6 13. Bh3 e5 14. Bxc8 Qxc8 15.
Nxe5 Nxe5 16. Rxe5 Bd6 17. Re2 d4 18. f4 Qf5 19. Bd2 Nh5 20. Rg2 Qd5 21. Nh2
1-0

[Event "C.to Regionale Abruzzo"]
[Site "Teramo ITA"]
[Date "2011.05.21"]
[Round "1"]
[White "Scurti, Gino"]
[Black "Di Matteo, Giovanni"]
[Result "0-1"]
[WhiteElo "1694"]
[BlackElo "2004"]
[PlyCount "79"]
[EventDate "2011.05.21"]

1. e4 e6 2. d3 d5 3. exd5 exd5 4. Nf3 Nf6 5. Be2 Bd6 6. Nbd2 c5 7. h3 Nc6 8. c4
d4 9. Ne4 Nxe4 10. dxe4 O-O 11. O-O Re8 12. Bd3 Nb4 13. a3 Nxd3 14. Qxd3 a6 15.
Re1 f6 16. Bd2 Qc7 17. b4 b6 18. Rab1 Bb7 19. bxc5 bxc5 20. Ba5 Qe7 21. Nd2
Rab8 22. f3 Bg3 23. Red1 Bc6 24. Nf1 Bd6 25. Rb6 Rxb6 26. Bxb6 Qb7 27. Ba5 Rb8
28. Nd2 Bf4 29. Rb1 Qc8 30. Rb6 Ba4 31. Nf1 Rxb6 32. Bxb6 Qc6 33. Ba5 Qb7 34.
g3 Bc1 35. Bd2 Qb2 36. Bxc1 Qxc1 37. Qd2 Qxa3 38. Qf4 Bb5 39. Qb8+ Kf7 40. Qb6
0-1

[Event "C.to Regionale Abruzzo"]
[Site "Teramo ITA"]
[Date "2011.05.21"]
[Round "1"]
[White "Spada, Angelo"]
[Black "Marrocco, Dario"]
[Result "1-0"]
[WhiteElo "2003"]
[BlackElo "1584"]
[PlyCount "49"]
[EventDate "2011.05.21"]

1. d4 Nf6 2. e3 g6 3. c4 Bg7 4. Nc3 O-O 5. Nf3 d6 6. Be2 c5 7. O-O cxd4 8. exd4
Re8 9. Bg5 Bf5 10. b4 Qd7 11. c5 Ne4 12. Nxe4 Bxe4 13. Qd2 a6 14. a4 dxc5 15.
bxc5 Nc6 16. Be3 Rad8 17. Ng5 Nxd4 18. Nxe4 Nxe2+ 19. Qxe2 Bxa1 20. Rxa1 Qd5
21. Bh6 Qd4 22. Re1 Qxa4 23. Qb2 Qd4 24. Qxd4 Rxd4 25. Nf6+ 1-0

[Event "C.to Regionale Abruzzo"]
[Site "Teramo ITA"]
[Date "2011.05.21"]
[Round "1"]
[White "Petrella, Loris"]
[Black "Antonelli, Alessandro"]
[Result "0-1"]
[WhiteElo "1491"]
[BlackElo "1987"]
[PlyCount "146"]
[EventDate "2011.05.21"]

1. e4 d5 2. exd5 Qxd5 3. Nc3 Qa5 4. d4 c6 5. Nf3 Nf6 6. Be2 Bf5 7. O-O e6 8.
Bf4 Be7 9. Re1 Nbd7 10. Qd2 Qd8 11. a3 O-O 12. Rad1 Nb6 13. Qc1 Rc8 14. Nh4 Bg4
15. Nf3 h6 16. Ne5 Bxe2 17. Rxe2 Nbd5 18. Nxd5 Nxd5 19. Bg3 Bg5 20. f4 Bh4 21.
Bf2 Bxf2+ 22. Rxf2 Qc7 23. f5 exf5 24. Rxf5 Ne7 25. Rf2 Rcd8 26. Nf3 Rd6 27. c4
Rfd8 28. Qf4 Ng6 29. Qg3 R6d7 30. Qxc7 Rxc7 31. Rfd2 Rcd7 32. Kf2 Rd6 33. g3
Kf8 34. d5 cxd5 35. Rxd5 Rxd5 36. Rxd5 Rxd5 37. cxd5 Ke7 38. Ke3 Kd6 39. Kd4 b5
40. b3 f6 41. Nd2 f5 42. Nf3 a6 43. b4 Ne7 44. Nh4 g5 45. Nf3 Nxd5 46. Ne5 Ke6
47. Nd3 Nc7 48. Nc5+ Kd6 49. Nb7+ Ke6 50. Nc5+ Kf6 51. Nd7+ Ke7 52. Nc5 Ne6+
53. Ke5 Nxc5 54. bxc5 a5 55. Kd5 Kd7 56. c6+ Kc7 57. Kc5 b4 58. axb4 axb4 59.
Kxb4 Kxc6 60. Kc4 Kd6 61. Kd4 Ke6 62. Ke3 Ke5 63. h3 h5 64. Kf3 f4 65. g4 hxg4+
66. hxg4 Kd4 67. Ke2 Ke4 68. Kf2 f3 69. Kf1 Kf4 70. Kf2 Kxg4 71. Kf1 Kg3 72.
Kg1 g4 73. Kh1 Kf2 0-1

[Event "C.to Regionale Abruzzo"]
[Site "Teramo ITA"]
[Date "2011.05.21"]
[Round "1"]
[White "Viviani, Alessio"]
[Black "Coccagna, Marcello"]
[Result "1-0"]
[WhiteElo "1956"]
[BlackElo "1434"]
[PlyCount "71"]
[EventDate "2011.05.21"]

1. d4 Nf6 2. Nf3 d5 3. c4 e6 4. Nc3 Bb4 5. Bg5 O-O 6. e3 Be7 7. Qc2 Bd7 8.
O-O-O h6 9. h4 Ng4 10. Bxe7 Qxe7 11. cxd5 exd5 12. Nxd5 Qd6 13. Nc3 a6 14. Ne5
Nc6 15. Nxd7 Qxd7 16. Bd3 Nf6 17. Qe2 Nb4 18. Bb1 Rfe8 19. a3 Nbd5 20. Nxd5
Nxd5 21. g4 Qc6+ 22. Qc2 Qxc2+ 23. Bxc2 Re6 24. Kb1 Rf6 25. Rdf1 b5 26. g5 hxg5
27. hxg5 Rb6 28. Bh7+ Kf8 29. Be4 c6 30. Rh8+ Ke7 31. Rxa8 b4 32. a4 g6 33.
Bxd5 cxd5 34. a5 Rc6 35. Ra7+ Kd6 36. Rc1 1-0

[Event "C.to Regionale Abruzzo"]
[Site "Teramo ITA"]
[Date "2011.05.21"]
[Round "1"]
[White "Paolini, Williams"]
[Black "Di Biagio, Angelo"]
[Result "1-0"]
[WhiteElo "1398"]
[BlackElo "1921"]
[PlyCount "79"]
[EventDate "2011.05.21"]

1. d4 Nf6 2. Bg5 d6 3. Bxf6 exf6 4. e3 Nc6 5. Bd3 Bd7 6. c4 g6 7. Nf3 Bg7 8.
Nc3 O-O 9. a3 Re8 10. O-O Ne7 11. Qc2 c6 12. Rfe1 f5 13. Rad1 a6 14. Qb3 Qc7
15. Rc1 Rad8 16. Nd2 Bc8 17. Nf3 d5 18. cxd5 Nxd5 19. Nxd5 Rxd5 20. Qxd5 Qb6
21. Qa2 h6 22. Bc4 Qc7 23. b4 Qe7 24. Qb3 b5 25. Bf1 Be6 26. Qc2 Bd5 27. Qc5
Qf6 28. Ne5 Rxe5 29. dxe5 Qxe5 30. Qa7 Qe4 31. Qxa6 Bb2 32. Rcd1 Bc3 33. Rxd5
Bxe1 34. Rd8+ Kg7 35. Qb6 Bc3 36. Qc5 Be5 37. Qf8+ Kf6 38. Rd7 f4 39. Rxf7+ Kg5
40. Qe7+ 1-0

[Event "C.to Regionale Abruzzo"]
[Site "Teramo ITA"]
[Date "2011.05.21"]
[Round "2"]
[White "Di Donatantonio, Franco"]
[Black "Spada, Angelo"]
[Result "1-0"]
[WhiteElo "2143"]
[BlackElo "2003"]
[PlyCount "111"]
[EventDate "2011.05.21"]

1. d3 e5 2. Nf3 Nc6 3. e4 Bc5 4. Be2 Nf6 5. O-O d6 6. Bg5 h6 7. Bh4 Bg4 8. Nc3
g5 9. Bg3 Bxf3 10. Bxf3 h5 11. h4 g4 12. Be2 a6 13. Qd2 Nd4 14. Bd1 Qe7 15. Ne2
Ne6 16. c3 O-O-O 17. b4 Ba7 18. Bb3 Nf8 19. Qg5 Ng6 20. Kh1 Kb8 21. f4 Be3 22.
Qf5 Rh6 23. fxe5 Nxe5 24. d4 Nc6 25. e5 dxe5 26. dxe5 Nd7 27. Qe4 Ndxe5 28.
Qxe3 Rd3 29. Qxh6 Rxg3 30. Qh8+ Ka7 31. Qf6 Qxf6 32. Rxf6 Re3 33. Nd4 Nd8 34.
Rf5 Rxc3 35. Rxh5 Ng6 36. Rd5 Ne6 37. Nxe6 fxe6 38. Rc5 Re3 39. h5 Nf4 40. h6
Ng6 41. Rg5 Nh8 42. Rxg4 Re5 43. Rh4 Re2 44. Rf1 e5 45. Bd5 c6 46. Be4 Rxa2 47.
Rf8 Rb2 48. Rxh8 Rxb4 49. Re8 a5 50. h7 a4 51. h8=Q a3 52. Ra8+ Kb6 53. Qd8+
Kc5 54. Qe7+ Kb5 55. Bd3+ Kb6 56. Rxb4# 1-0

[Event "C.to Regionale Abruzzo"]
[Site "Teramo ITA"]
[Date "2011.05.21"]
[Round "2"]
[White "Di Matteo, Giovanni"]
[Black "Pacilli, Emanuele"]
[Result "0-1"]
[WhiteElo "2004"]
[BlackElo "2142"]
[PlyCount "56"]
[EventDate "2011.05.21"]

1. d4 g6 2. Nf3 Bg7 3. Bf4 d6 4. c3 Nd7 5. Nbd2 e5 6. dxe5 dxe5 7. Bg3 Ne7 8.
Nc4 Nc6 9. Qd5 O-O 10. Rd1 Qe7 11. e3 Nb6 12. Qd2 Be6 13. Nxb6 axb6 14. Bb5
Rxa2 15. O-O Bb3 16. Ra1 Rfa8 17. Rxa2 Rxa2 18. c4 e4 19. Nd4 Nxd4 20. exd4 Ba4
21. Bxa4 Rxa4 22. b3 Ra3 23. Qb2 Qb4 24. Rb1 c5 25. Bd6 Ra8 26. Qc2 Bxd4 27.
Qxe4 Qd2 28. Rf1 Qxf2+ 0-1

[Event "C.to Regionale Abruzzo"]
[Site "Teramo ITA"]
[Date "2011.05.21"]
[Round "2"]
[White "Paolini, Williams"]
[Black "Viviani, Alessio"]
[Result "0-1"]
[WhiteElo "1398"]
[BlackElo "1956"]
[PlyCount "56"]
[EventDate "2011.05.21"]

1. d4 Nf6 2. Bg5 Ne4 3. Bf4 c5 4. f3 Nf6 5. c3 d5 6. e3 Nc6 7. Bd3 g6 8. Ne2
cxd4 9. Nxd4 Bg7 10. Nxc6 bxc6 11. Be5 O-O 12. O-O Qb6 13. Qc1 Bh6 14. Re1 Nd7
15. Bg3 f5 16. Bf2 e5 17. Qc2 e4 18. fxe4 fxe4 19. Bf1 Ba6 20. Nd2 Ne5 21. Bxa6
Qxa6 22. Nxe4 dxe4 23. Qxe4 Rae8 24. Qc2 Nd3 25. Rf1 Nxf2 26. Rxf2 Bxe3 27.
Raf1 Bxf2+ 28. Rxf2 Re1+ 0-1

[Event "C.to Regionale Abruzzo"]
[Site "Teramo ITA"]
[Date "2011.05.21"]
[Round "2"]
[White "Di Biagio, Angelo"]
[Black "Scurti, Gino"]
[Result "1/2-1/2"]
[WhiteElo "1921"]
[BlackElo "1694"]
[PlyCount "71"]
[EventDate "2011.05.21"]

1. e4 e5 2. Nf3 Nc6 3. Bb5 a6 4. Ba4 Nf6 5. O-O Be7 6. Re1 b5 7. Bb3 O-O 8. c3
d6 9. h3 Na5 10. Bc2 c5 11. d3 Re8 12. Nbd2 Bf8 13. Nf1 Bb7 14. Ng3 Nc6 15. Nf5
Ne7 16. N3h4 Ng6 17. Nf3 Ne7 18. Ng3 Ng6 19. Bb3 d5 20. Qe2 dxe4 21. dxe4 c4
22. Bc2 Nf4 23. Bxf4 exf4 24. Rad1 Qb6 25. Nf5 Bxe4 26. Bxe4 Rxe4 27. Qd2 Rxe1+
28. Rxe1 g6 29. N5d4 Bd6 30. Ne6 Re8 31. Nxf4 Rxe1+ 32. Nxe1 Ne4 33. Qe2 Qxf2+
34. Qxf2 Nxf2 35. Nd5 Bc5 36. Kf1 1/2-1/2

[Event "C.to Regionale Abruzzo"]
[Site "Teramo ITA"]
[Date "2011.05.21"]
[Round "2"]
[White "Di Martino, Antonio"]
[Black "Petrella, Loris"]
[Result "1-0"]
[WhiteElo "1867"]
[BlackElo "1491"]
[PlyCount "111"]
[EventDate "2011.05.21"]

1. e4 g6 2. d4 Bg7 3. c4 c6 4. Nc3 d6 5. Be3 Nd7 6. Qd2 Qc7 7. Bd3 e5 8. Nge2
Ne7 9. O-O exd4 10. Bxd4 Nf6 11. Rad1 O-O 12. Bb1 Be6 13. b3 a6 14. Qg5 Nh5 15.
Bxg7 Nxg7 16. Qg3 Rad8 17. c5 Nh5 18. Qe3 d5 19. Rfe1 Nf6 20. f3 dxe4 21. Nxe4
Nxe4 22. Bxe4 Nf5 23. Bxf5 Bxf5 24. Nd4 Rfe8 25. Qxe8+ Rxe8 26. Rxe8+ Kg7 27.
Nxf5+ gxf5 28. Rdd8 Qa5 29. Rg8+ Kf6 30. g4 Qxc5+ 31. Kf1 Qc1+ 32. Ke2 Qb2+ 33.
Rd2 Qe5+ 34. Kf1 f4 35. h4 Qe3 36. Rf2 Qc1+ 37. Kg2 c5 38. Rb8 b5 39. Rb6+ Kg7
40. Rxa6 c4 41. Rb6 cxb3 42. Rxb5 bxa2 43. Rxa2 Qc4 44. Rg5+ Kf6 45. Rd2 Qe6
46. Rf5+ Ke7 47. Rxf4 Qh6 48. Re4+ Kf8 49. g5 Qb6 50. Rde2 Kg7 51. h5 Qd8 52.
Kg3 Qc7+ 53. f4 Qc3+ 54. Kg4 Qc8+ 55. f5 Qc1 56. h6+ 1-0

[Event "C.to Regionale Abruzzo"]
[Site "Teramo ITA"]
[Date "2011.05.22"]
[Round "3"]
[White "Pacilli, Emanuele"]
[Black "Viviani, Alessio"]
[Result "1-0"]
[WhiteElo "2142"]
[BlackElo "1956"]
[PlyCount "79"]
[EventDate "2011.05.21"]

1. e4 c5 2. Nf3 d6 3. Bb5+ Bd7 4. Bxd7+ Nxd7 5. O-O Ngf6 6. Re1 g6 7. c3 Bg7 8.
d4 cxd4 9. cxd4 O-O 10. Nc3 Nb6 11. b3 Rc8 12. Bb2 e6 13. a4 d5 14. e5 Ne8 15.
Qd2 Nc7 16. a5 Nd7 17. Rac1 b5 18. Ba3 Re8 19. Bd6 Bf8 20. Bxc7 Qxc7 21. Nxd5
Qb7 22. Nb4 Rxc1 23. Rxc1 Rc8 24. Rxc8 Qxc8 25. Nd3 Qc6 26. b4 Nb8 27. Nc5 Qd5
28. h4 Nc6 29. Qf4 Be7 30. h5 Nxb4 31. Ne4 Nc6 32. h6 Qd7 33. Nd6 Bxd6 34. exd6
f5 35. g3 Nxa5 36. Qe5 Nb7 37. d5 Nxd6 38. dxe6 Qe7 39. Ng5 b4 40. Nf7 1-0

[Event "C.to Regionale Abruzzo"]
[Site "Teramo ITA"]
[Date "2011.05.22"]
[Round "3"]
[White "Coccagna, Marcello"]
[Black "Di Matteo, Giovanni"]
[Result "0-1"]
[WhiteElo "1434"]
[BlackElo "2004"]
[PlyCount "76"]
[EventDate "2011.05.21"]

1. d4 d5 2. Nf3 Nf6 3. Bf4 Bf5 4. c4 c6 5. Nc3 e6 6. e3 Bb4 7. Be2 Ne4 8. O-O
Bxc3 9. bxc3 Nxc3 10. Qc2 Nxe2+ 11. Qxe2 O-O 12. c5 Nd7 13. a4 b6 14. Rfc1 bxc5
15. dxc5 Bg4 16. Bd6 Re8 17. a5 Nf6 18. h3 Bxf3 19. Qxf3 Ne4 20. Be5 f6 21. Bg3
e5 22. h4 Rb8 23. Qe2 Rb5 24. h5 Qc7 25. Qg4 Qc8 26. Qxc8 Rxc8 27. Bh4 Nxc5 28.
Rd1 Kf7 29. g4 h6 30. Rf1 Nb3 31. Rad1 d4 32. f4 Rd8 33. fxe5 Rxe5 34. exd4
Rxd4 35. Rxd4 Nxd4 36. Kg2 Rxa5 37. g5 hxg5 38. Bxg5 Rxg5+ 0-1

[Event "C.to Regionale Abruzzo"]
[Site "Teramo ITA"]
[Date "2011.05.22"]
[Round "3"]
[White "Spada, Angelo"]
[Black "Di Martino, Antonio"]
[Result "1-0"]
[WhiteElo "2003"]
[BlackElo "1867"]
[PlyCount "53"]
[EventDate "2011.05.21"]

1. e4 e6 2. d3 d5 3. Nd2 c5 4. Ngf3 Nc6 5. g3 Bd6 6. Bg2 Nge7 7. O-O O-O 8. Re1
Ng6 9. Nf1 d4 10. h4 f5 11. Ng5 Qf6 12. h5 Nge5 13. f4 Ng4 14. e5 Ncxe5 15.
fxe5 Bxe5 16. Qe2 Bc7 17. Nxe6 Re8 18. Bd5 Kh8 19. Bg5 Rxe6 20. Bxe6 Qxg5 21.
Bxc8 Ne5 22. Bxb7 Rf8 23. Bg2 h6 24. Bf3 f4 25. Qg2 Bd6 26. g4 g6 27. Nd2 1-0

[Event "C.to Regionale Abruzzo"]
[Site "Teramo ITA"]
[Date "2011.05.22"]
[Round "3"]
[White "Antonelli, Alessandro"]
[Black "Paolini, Williams"]
[Result "1-0"]
[WhiteElo "1987"]
[BlackElo "1398"]
[PlyCount "55"]
[EventDate "2011.05.21"]

1. d4 Nf6 2. c4 e6 3. Nf3 c5 4. d5 exd5 5. cxd5 d6 6. Nc3 g6 7. Nd2 Bg7 8. e4
O-O 9. Be2 Na6 10. O-O Nc7 11. f3 Nh5 12. a4 Bd4+ 13. Kh1 Qg5 14. Qe1 Nf4 15.
g3 Bh3 16. Rg1 Bxg1 17. Kxg1 Nxe2+ 18. Qxe2 Bc8 19. Nc4 Qd8 20. Bf4 a6 21. Bxd6
b6 22. Bxf8 Kxf8 23. Nxb6 Rb8 24. Nxc8 Qxc8 25. Rd1 Qd7 26. Rd2 Ra8 27. e5 Ne8
28. Qc4 1-0

[Event "C.to Regionale Abruzzo"]
[Site "Teramo ITA"]
[Date "2011.05.22"]
[Round "3"]
[White "Scurti, Gino"]
[Black "Melasecchi, Paolo"]
[Result "1-0"]
[WhiteElo "1694"]
[BlackElo "1750"]
[PlyCount "45"]
[EventDate "2011.05.21"]

1. e4 e6 2. d4 d5 3. Nd2 Nf6 4. e5 Nfd7 5. Ngf3 c5 6. c3 Nc6 7. Be2 f6 8. exf6
Nxf6 9. O-O c4 10. Ne5 Ne7 11. Ndf3 h6 12. Nh4 g6 13. Nhxg6 Nxg6 14. Nxg6 Rg8
15. Nxf8 Rxf8 16. Bxh6 Rg8 17. Bh5+ Kd7 18. Bf7 Rh8 19. Bg5 Qc7 20. g3 Ne4 21.
Bf4 Qd8 22. Bg6 Ng5 23. Qa4+ 1-0

[Event "C.to Regionale Abruzzo"]
[Site "Teramo ITA"]
[Date "2011.05.22"]
[Round "4"]
[White "Pacilli, Emanuele"]
[Black "Cerquitella, Luca"]
[Result "1/2-1/2"]
[WhiteElo "2142"]
[BlackElo "2273"]
[PlyCount "47"]
[EventDate "2011.05.21"]

1. e4 Nc6 2. Nf3 e5 3. Bb5 a6 4. Ba4 Nf6 5. O-O Be7 6. Re1 b5 7. Bb3 d6 8. c3
O-O 9. h3 Na5 10. Bc2 c5 11. d4 Nd7 12. dxc5 dxc5 13. Nbd2 Bb7 14. Qe2 Re8 15.
Nf1 Nc4 16. a4 Nd6 17. Rd1 Qc7 18. Bg5 Bf8 19. Ng3 c4 20. h4 Nc5 21. axb5 axb5
22. Rxa8 Bxa8 23. Nd2 Bc6 24. Be3 1/2-1/2

[Event "C.to Regionale Abruzzo"]
[Site "Teramo ITA"]
[Date "2011.05.22"]
[Round "4"]
[White "Di Donatantonio, Franco"]
[Black "Antonelli, Alessandro"]
[Result "1-0"]
[WhiteElo "2143"]
[BlackElo "1987"]
[PlyCount "53"]
[EventDate "2011.05.21"]

1. d3 d5 2. Nd2 e5 3. e4 dxe4 4. dxe4 g6 5. Ngf3 Bg7 6. Be2 Nd7 7. O-O Ngf6 8.
c3 O-O 9. Qc2 Qe7 10. Re1 b6 11. Nf1 Bb7 12. b3 Rad8 13. b4 Ne8 14. a4 a5 15.
bxa5 bxa5 16. Bg5 Ndf6 17. Rab1 Nd6 18. N1d2 h6 19. Be3 Bc6 20. Bc5 Qd7 21. Bb5
Rfe8 22. Bxd6 Bxb5 23. Rxb5 Qxd6 24. Nc4 Qd3 25. Qb3 h5 26. Nfxe5 Rxe5 27. Rxe5
1-0

[Event "C.to Regionale Abruzzo"]
[Site "Teramo ITA"]
[Date "2011.05.22"]
[Round "4"]
[White "Di Matteo, Giovanni"]
[Black "Spada, Angelo"]
[Result "1/2-1/2"]
[WhiteElo "2004"]
[BlackElo "2003"]
[PlyCount "142"]
[EventDate "2011.05.21"]

1. d4 e6 2. Nf3 f5 3. Bf4 Nf6 4. h3 d5 5. Nbd2 Bd6 6. Ne5 O-O 7. e3 Nbd7 8. Be2
Ne4 9. O-O g5 10. Bh2 Qf6 11. Nxe4 dxe4 12. f4 gxf4 13. Nxd7 Bxd7 14. Bxf4 Rad8
15. Bc4 b5 16. Bb3 a5 17. a3 Kh8 18. c3 e5 19. dxe5 Bxe5 20. Bxe5 Qxe5 21. Qd4
Qxd4 22. cxd4 Rf6 23. Rac1 c6 24. Rf4 Rdf8 25. Rc5 a4 26. Ba2 Kg7 27. g3 Be8
28. Re5 Kg6 29. Rf2 Rd6 30. Rxe4 Bd7 31. Re5 Rb8 32. Bb1 b4 33. axb4 Rxb4 34.
Bxf5+ Bxf5 35. Rexf5 Rxb2 36. Rxb2 Kxf5 37. Ra2 Ke4 38. Kf2 Rf6+ 39. Kg2 Kxe3
40. Rxa4 Rf2+ 41. Kg1 Rc2 42. g4 Kf3 43. Ra3+ Ke4 44. Ra4 Rc3 45. Kg2 Rd3 46.
Ra6 Kd5 47. g5 Rxd4 48. Ra7 Ke5 49. Rxh7 Kf5 50. h4 Rd2+ 51. Kf3 Rd3+ 52. Ke2
Rd6 53. Ke3 c5 54. Rf7+ Kg6 55. Rf4 Ra6 56. Rc4 Re6+ 57. Kf4 Rc6 58. Kg4 Rc8
59. h5+ Kg7 60. Kf5 Rf8+ 61. Ke6 Rc8 62. Kd7 Rh8 63. h6+ Kg6 64. Rxc5 Rh7+ 65.
Kd6 Ra7 66. Rc7 Ra6+ 67. Ke7 Kxg5 68. h7 Ra8 69. Kf7 Kh6 70. Rc2 Ra7+ 71. Kg8
Ra8+ 1/2-1/2

[Event "C.to Regionale Abruzzo"]
[Site "Teramo ITA"]
[Date "2011.05.22"]
[Round "4"]
[White "Viviani, Alessio"]
[Black "Scurti, Gino"]
[Result "1-0"]
[WhiteElo "1956"]
[BlackElo "1694"]
[PlyCount "71"]
[EventDate "2011.05.21"]

1. c4 e5 2. Nc3 Nf6 3. g3 g6 4. Bg2 Bg7 5. d3 d6 6. e3 O-O 7. Nge2 c6 8. O-O
Nbd7 9. Rb1 Rb8 10. b4 b5 11. Bxc6 bxc4 12. dxc4 Qc7 13. b5 Bb7 14. Ba3 Nc5 15.
Bxc5 dxc5 16. Bxb7 Rxb7 17. e4 Rd8 18. Qc2 Qb8 19. a4 Rbd7 20. Nd5 Nxd5 21.
cxd5 Rc8 22. Nc1 c4 23. Na2 Bf8 24. Nb4 Bxb4 25. Rxb4 Rdc7 26. Qc3 Rc5 27. Rfb1
Qc7 28. b6 axb6 29. Rxb6 Qe7 30. a5 h5 31. a6 h4 32. Rb7 Qg5 33. a7 hxg3 34.
hxg3 Ra8 35. Rb8+ Rc8 36. Rxa8 1-0

[Event "C.to Regionale Abruzzo"]
[Site "Teramo ITA"]
[Date "2011.05.22"]
[Round "4"]
[White "Di Biagio, Angelo"]
[Black "Coccagna, Marcello"]
[Result "1-0"]
[WhiteElo "1921"]
[BlackElo "1434"]
[PlyCount "51"]
[EventDate "2011.05.21"]

1. e4 e5 2. Nf3 Nf6 3. d3 Nc6 4. c3 Bc5 5. Be2 h6 6. b4 Bb6 7. b5 Ne7 8. Nxe5
d5 9. Qc2 Be6 10. O-O Qd6 11. exd5 Nexd5 12. d4 O-O-O 13. Ba3 c5 14. bxc6 Qc7
15. cxb7+ Kxb7 16. Qa4 Ne4 17. Qa6+ Kb8 18. Bb5 Bc8 19. Qa4 Bb7 20. Bb2 f6 21.
Nc6+ Bxc6 22. Bxc6 Nf4 23. Bxe4 Ne2+ 24. Kh1 Qf4 25. Qc6 Qc7 26. Qa8# 1-0

[Event "C.to Regionale Abruzzo"]
[Site "Teramo ITA"]
[Date "2011.05.22"]
[Round "4"]
[White "Di Martino, Antonio"]
[Black "Paolini, Williams"]
[Result "1-0"]
[WhiteElo "1867"]
[BlackElo "1398"]
[PlyCount "83"]
[EventDate "2011.05.21"]

1. e4 c6 2. d4 d5 3. Nc3 dxe4 4. Nxe4 Bf5 5. Ng3 Bg6 6. h4 h6 7. h5 Bh7 8. Nf3
Nd7 9. Bd3 Bxd3 10. Qxd3 Qc7 11. Be3 e6 12. O-O-O Ngf6 13. Kb1 a6 14. c4 O-O-O
15. Qb3 Kb8 16. Ne5 Nxe5 17. dxe5 Rxd1+ 18. Rxd1 Nd7 19. f4 Bc5 20. Rxd7 Qxd7
21. Bxc5 Qd2 22. Qf3 Rd8 23. Bd6+ Kc8 24. a3 Qd4 25. Ne4 f5 26. exf6 gxf6 27.
c5 f5 28. Nf2 Rg8 29. Nd3 Qg1+ 30. Ka2 Rxg2 31. Ne5 Rg3 32. Qe2 Qd4 33. Qc4
Qxc4+ 34. Nxc4 Rh3 35. Bf8 Rxh5 36. Nd6+ Kd8 37. Bxh6 Kc7 38. Bg7 Rh7 39. Be5
b6 40. Nb5+ Kb7 41. cxb6 Rh2 42. Bc7 1-0

[Event "C.to Regionale Abruzzo"]
[Site "Teramo ITA"]
[Date "2011.05.22"]
[Round "4"]
[White "Melasecchi, Paolo"]
[Black "Marrocco, Dario"]
[Result "1-0"]
[WhiteElo "1750"]
[BlackElo "1584"]
[PlyCount "83"]
[EventDate "2011.05.21"]

1. d4 Nf6 2. c4 g6 3. Nf3 Bg7 4. Nc3 O-O 5. e4 d6 6. h3 e5 7. Be3 Re8 8. d5 c6
9. Be2 cxd5 10. cxd5 a6 11. O-O Nbd7 12. Rc1 b5 13. Nd2 Nc5 14. b4 Ncd7 15. Nb3
Bb7 16. Na5 Qb8 17. Nc6 Bxc6 18. dxc6 Nb6 19. Nd5 Nbxd5 20. exd5 Qc7 21. f3 Nh5
22. Bd3 f5 23. Bf2 e4 24. fxe4 fxe4 25. Be2 e3 26. Bh4 Rac8 27. g4 Re4 28. Qe1
Nf4 29. Rf3 Nxd5 30. Qf1 Rf8 31. Rxf8+ Bxf8 32. Qf3 Nf4 33. Qxe4 Nxe2+ 34. Kh1
Nxc1 35. Qe6+ Qf7 36. Qxf7+ Kxf7 37. c7 Be7 38. Bxe7 Kxe7 39. c8=Q Nd3 40. Qc3
Nf2+ 41. Kg2 Nd1 42. Qe1 1-0

[Event "C.to Regionale Abruzzo"]
[Site "Teramo ITA"]
[Date "2011.05.29"]
[Round "5"]
[White "Cerquitella, Luca"]
[Black "Viviani, Alessio"]
[Result "1-0"]
[WhiteElo "2273"]
[BlackElo "1956"]
[PlyCount "41"]
[EventDate "2011.05.21"]

1. e4 c5 2. c3 d5 3. exd5 Qxd5 4. d4 Nf6 5. Nf3 Bg4 6. Nbd2 cxd4 7. Bc4 Qa5 8.
Qb3 e6 9. Qxb7 Bxf3 10. Nxf3 Bd6 11. Qxa8 O-O 12. Qb7 dxc3 13. O-O Qh5 14. bxc3
e5 15. Re1 Bc5 16. Be3 Bxe3 17. fxe3 e4 18. Ng5 Nbd7 19. Qb5 Ng4 20. h3 Nge5
21. Nxf7 1-0

[Event "C.to Regionale Abruzzo"]
[Site "Teramo ITA"]
[Date "2011.05.29"]
[Round "5"]
[White "Di Donatantonio, Franco"]
[Black "Pacilli, Emanuele"]
[Result "0-1"]
[WhiteElo "2143"]
[BlackElo "2142"]
[PlyCount "98"]
[EventDate "2011.05.21"]

1. e4 Nc6 2. d3 e5 3. Nd2 d5 4. Ngf3 f5 5. exf5 Bxf5 6. c3 e4 7. dxe4 dxe4 8.
Qe2 Qe7 9. Nd4 Nxd4 10. cxd4 O-O-O 11. Nb3 Nf6 12. Qb5 Qd7 13. Bd2 Kb8 14. Qxd7
Rxd7 15. Bc4 Be7 16. O-O Nd5 17. Bxd5 Rxd5 18. Rac1 Bf6 19. Be3 a5 20. Rc5 Rxc5
21. dxc5 a4 22. Nd4 Bg4 23. h3 Rd8 24. Nc6+ bxc6 25. hxg4 Bxb2 26. Rb1 a3 27.
Kf1 Ka7 28. Ke2 Ka6 29. g5 Kb5 30. Rh1 Kc4 31. Rh4 Kc3 32. Rxh7 Kc2 33. Rh1 Bc3
34. Bc1 Bb4 35. Bf4 Kb2 36. Be5+ Bc3 37. Bxc3+ Kxc3 38. Ke3 Kb2 39. Kxe4 Kxa2
40. f4 Kb2 41. f5 a2 42. f6 g6 43. Ke5 Re8+ 44. Kd4 a1=Q 45. Rxa1 Kxa1 46. g4
Kb2 47. f7 Rf8 48. Ke5 Rxf7 49. Ke6 Rf4 0-1

[Event "C.to Regionale Abruzzo"]
[Site "Teramo ITA"]
[Date "2011.05.29"]
[Round "5"]
[White "Antonelli, Alessandro"]
[Black "Di Matteo, Giovanni"]
[Result "0-1"]
[WhiteElo "1987"]
[BlackElo "2004"]
[PlyCount "95"]
[EventDate "2011.05.21"]

1. d4 d5 2. c4 c6 3. Nf3 Nf6 4. Nc3 Bg4 5. Ne5 Bh5 6. Qb3 Qb6 7. c5 Qxb3 8.
axb3 Nbd7 9. Bf4 Nxe5 10. Bxe5 Nd7 11. Bg3 e5 12. e3 Be7 13. f3 O-O 14. Bd3
exd4 15. exd4 Bf6 16. Bf2 Rfe8+ 17. Kd2 Nf8 18. Rae1 a6 19. Rxe8 Rxe8 20. g4
Bg5+ 21. Kc2 Bg6 22. Re1 Ne6 23. Bxg6 hxg6 24. Ne2 Bd8 25. b4 f5 26. gxf5 gxf5
27. Kd3 Kf7 28. Rg1 Rh8 29. Bg3 g5 30. Be5 Rh3 31. Rf1 f4 32. Rf2 Bf6 33. Bxf6
Kxf6 34. Ng1 Rh8 35. Ne2 Ng7 36. Nc3 Nf5 37. b3 Rh3 38. Ne2 Ne3 39. Kd2 Kf5 40.
Ng1 Rxh2 41. Rxh2 Nf1+ 42. Ke2 Nxh2 43. Kf2 g4 44. fxg4+ Nxg4+ 45. Kf3 Ne3 46.
Ne2 Nc2 47. Nxf4 Nxb4 48. Ne2 0-1

[Event "C.to Regionale Abruzzo"]
[Site "Teramo ITA"]
[Date "2011.05.29"]
[Round "5"]
[White "Spada, Angelo"]
[Black "Di Biagio, Angelo"]
[Result "0-1"]
[WhiteElo "2003"]
[BlackElo "1921"]
[PlyCount "92"]
[EventDate "2011.05.21"]

1. d4 Nf6 2. e3 d5 3. Bd3 Nbd7 4. f4 e6 5. Nf3 Be7 6. Nbd2 b6 7. Ne5 Bb7 8. O-O
c6 9. Qf3 g6 10. Qh3 Nxe5 11. fxe5 Nh5 12. c3 O-O 13. e4 Bg5 14. Nf3 Bxc1 15.
Raxc1 Kg7 16. Nh4 Qg5 17. Rc2 c5 18. exd5 Bxd5 19. c4 Bb7 20. dxc5 Rad8 21. Re2
Nf4 22. Qf3 Nxe2+ 23. Qxe2 Qxh4 24. Bb1 Qd4+ 25. Kh1 Qd2 26. Qg4 Rd4 27. Qg3
Qe2 28. Kg1 Rd1 29. Qf2 Qxf1+ 30. Qxf1 Rxf1+ 31. Kxf1 bxc5 32. g3 Rd8 33. Ke2
f6 34. exf6+ Kxf6 35. Bc2 h6 36. Ke3 g5 37. a3 Ke5 38. b4 cxb4 39. axb4 Rd4 40.
Bd3 Be4 41. Be2 Bc2 42. b5 Bb3 43. c5 Bc4 44. b6 axb6 45. cxb6 Bxe2 46. b7 Rb4
0-1